RICS real estate agency and brokerage standards (Record no. 115540)
[ view plain ]
| 000 -LEADER | |
|---|---|
| fixed length control field | 01901cad a22002775a 4500 |
| 001 - CONTROL NUMBER | |
| control field | L158846 |
| 008 - FIXED-LENGTH DATA ELEMENTS--GENERAL INFORMATION | |
| fixed length control field | 110329s2014 xxk 000 0 eng u |
| 020 ## - INTERNATIONAL STANDARD BOOK NUMBER | |
| International Standard Book Number | 9781783210749 |
| 035 ## - SYSTEM CONTROL NUMBER | |
| System control number | (Sirsi) u158846 |
| 041 0# - LANGUAGE CODE | |
| Language code of text/sound track or separate title | rus |
| 110 2# - MAIN ENTRY--CORPORATE NAME | |
| Corporate name or jurisdiction name as entry element | Royal Institution of Chartered Surveyors |
| 9 (RLIN) | 4900 |
| 245 05 - TITLE STATEMENT | |
| Title | RICS real estate agency and brokerage standards |
| Remainder of title | RICS practice statement and guidance note |
| -- | Russian translation |
| Medium | [electronic resource] |
| 250 ## - EDITION STATEMENT | |
| Edition statement | 2nd ed. |
| 260 ## - PUBLICATION, DISTRIBUTION, ETC. | |
| Place of publication, distribution, etc. | London |
| Name of publisher, distributor, etc. | RICS |
| Date of publication, distribution, etc. | 2014 |
| 300 ## - PHYSICAL DESCRIPTION | |
| Extent | 28p. |
| 490 #0 - SERIES STATEMENT | |
| Series statement | RICS Guidance Note |
| 490 #0 - SERIES STATEMENT | |
| Series statement | RICS Practice Statement |
| 505 2# - FORMATTED CONTENTS NOTE | |
| Formatted contents note | RICS professional guidance -- Glossary of terms -- Part 1: Real estate agency and brokerage and real estate management: RICS practice statement -- The practice statement -- Links to RICS ethical standards -- Part 2: Real estate agency and brokerage and guidance: RICS guidance note -- Introduction -- GN 1 Ethics -- GN 2 Securing instructions -- GN 3 Acting for the seller: marketing the property -- GN 4 Acting for the seller: agreeing the sale or lease -- GN 5 Acting for the buyer -- GN 6 Ending the instruction -- GN 7 Safety and security -- GN 8 Agency management. |
| 520 ## - SUMMARY, ETC. | |
| Summary, etc. | Part 1 of this document is a mandatory practice statement. Part 2 is a guidance note. The practice statement and guidance note apply to the selling, buying, letting, renting and management of commercial, residential and rural real estate. A number of the principles apply to agent's conduct towards the public. Effective from 1 February 2015. Supersedes 1st ed. |
| 590 ## - LOCAL NOTE (RLIN) | |
| Local note | KA |
| 651 #4 - SUBJECT ADDED ENTRY--GEOGRAPHIC NAME | |
| Geographic name | International |
| 690 ## - LOCAL SUBJECT ADDED ENTRY--TOPICAL TERM (OCLC, RLIN) | |
| Topical term or geographic name as entry element | Commercial property |
| 9 (RLIN) | 6227 |
| 690 ## - LOCAL SUBJECT ADDED ENTRY--TOPICAL TERM (OCLC, RLIN) | |
| Topical term or geographic name as entry element | Residential property |
| 9 (RLIN) | 6266 |
| 856 41 - ELECTRONIC LOCATION AND ACCESS | |
| Uniform Resource Identifier | <a href="https://www.rics.org/Global/Real_Estate_Agency_and_Brokerage_Guidance_RUSSIAN_2nd_edition_PGguidance_2015.pdf">https://www.rics.org/Global/Real_Estate_Agency_and_Brokerage_Guidance_RUSSIAN_2nd_edition_PGguidance_2015.pdf</a> |
| Public note | View the guidance note free of charge (member-only content) at www.rics.org |
| 942 ## - ADDED ENTRY ELEMENTS (KOHA) | |
| Suppress in OPAC | 0 |
| Withdrawn status | Lost status | Source of classification or shelving scheme | Damaged status | Not for loan | Home library | Current library | Shelving location | Date acquired | Total Checkouts | Full call number | Barcode | Date last seen | Copy number | Price effective from | Koha item type |
|---|---|---|---|---|---|---|---|---|---|---|---|---|---|---|---|
| Dewey Decimal Classification | Virtual | Virtual | Online | 18/08/2015 | ONLINE PUBLICATION | 158846-2001 | 06/08/2019 | 1 | 06/08/2019 | Book |